[Event "Sunningdale e2e4 U2050 op 05"]
[Site "Sunningdale"]
[Date "2014.05.23"]
[Round "1"]
[White "Sagues, Vincent"]
[Black "Cairns, Stephen"]
[Result "1/2-1/2"]
[WhiteElo "1899"]
[BlackElo "2042"]
[PlyCount "69"]
[EventDate "2014.05.23"]
[EventType "swiss"]
[EventRounds "7"]
[EventCountry "ENG"]
[SourceTitle "EXT 2015"]
[Source "ChessBase"]
[SourceDate "2014.11.20"]
[SourceVersion "1"]
[SourceVersionDate "2014.11.20"]
[SourceQuality "1"]

1. e4 c5 2. Nf3 Nc6 3. d4 cxd4 4. Nxd4 e5 5. Nb5 a6 6. N5c3 Nf6 7. Bg5 Be7 8. Bxf6 Bxf6 9. Nd5 0-0 10. Be2 d6 11. 0-0 Bg5 12. Bg4 Nd4 13. Bxc8 Rxc8 14. c3 Ne6 15. Na3 Nf4 16. Nxf4 Bxf4 17. Qd5 Rc6 18. Rad1 Qc7 19. Nc2 Rd8 20. Nb4 Rc5 21. Qd3 Qa5 22. a3 Qb5 23. Qxb5 Rxb5 24. Rd5 Rxd5 25. Nxd5 f6 26. g3 Bh6 27. Ne7+ Kf7 28. Nf5 d5 29. Rd1 Ke6 30. Nxh6 gxh6 31. Kf1 f5 32. exf5+ Kxf5 33. Ke2 Kg4 34. Ke3 h5 35. h4 1/2-1/2

[Event "BCF-chT1d 1314 (4NCL) Demotion pool"]
[Site "England"]
[Date "2014.05.04"]
[Round "10.167"]
[White "Cairns, Stephen"]
[Black "Dickinson, Timothy R"]
[Result "1-0"]
[WhiteElo "2022"]
[BlackElo "2122"]
[PlyCount "61"]
[EventDate "2013.11.16"]
[EventType "team-tourn"]
[EventRounds "4"]
[EventCountry "ENG"]
[SourceTitle "EXT 2015"]
[Source "ChessBase"]
[SourceDate "2014.11.20"]
[SourceVersion "1"]
[SourceVersionDate "2014.11.20"]
[SourceQuality "1"]
[WhiteTeam "Grantham Sharks II"]
[BlackTeam "Oxford"]
[WhiteTeamCountry "ENG"]
[BlackTeamCountry "ENG"]

1. d4 e6 2. c4 Nf6 3. Nc3 Bb4 4. Qc2 d5 5. e3 0-0 6. Bd3 c5 7. a3 Bxc3+ 8. bxc3 b6 9. Nf3 Bb7 10. 0-0 Nc6 11. cxd5 exd5 12. dxc5 bxc5 13. Rb1 Qe7 14. c4 d4 15. exd4 Nxd4 16. Nxd4 cxd4 17. Qb2 Bc6 18. Qxd4 Rad8 19. Qc3 Ng4 20. Bf4 Qc5 21. Rbd1 Rc8 22. Qb4 Qh5 23. Qe7 Rfe8 24. Qg5 Qxg5 25. Bxg5 Ne5 26. Bf5 Rb8 27. Bf4 Rb3 28. Rd6 Rb6 29. c5 Ra6 30. Bxe5 Rxe5 31. Bd3 1-0

[Event "BCF-chT1b 1314 (4NCL)"]
[Site "England"]
[Date "2014.01.12"]
[Round "4.187"]
[White "Cairns, Stephen"]
[Black "Povah, Nigel Edward"]
[Result "0-1"]
[WhiteElo "2022"]
[BlackElo "2281"]
[PlyCount "81"]
[EventDate "2013.11.16"]
[EventType "team-tourn"]
[EventRounds "7"]
[EventCountry "ENG"]
[SourceTitle "EXT 2015"]
[Source "ChessBase"]
[SourceDate "2014.11.20"]
[SourceVersion "1"]
[SourceVersionDate "2014.11.20"]
[SourceQuality "1"]
[WhiteTeam "Grantham Sharks II"]
[BlackTeam "Guildford II"]
[WhiteTeamCountry "ENG"]
[BlackTeamCountry "ENG"]

1. d4 Nf6 2. c4 e6 3. Nc3 c5 4. d5 exd5 5. cxd5 d6 6. e4 g6 7. f4 Bg7 8. Bb5+ Nfd7 9. a4 0-0 10. Nf3 Na6 11. 0-0 Nb4 12. Re1 a6 13. Bf1 Re8 14. h3 b6 15. Be3 Bb7 16. Bf2 Nf6 17. Bg3 Nh5 18. Bh2 Bh6 19. Qd2 Qf6 20. g3 Rad8 21. Qf2 Qg7 22. g4 Nxf4 23. g5 Bxg5 24. Nxg5 Nfd3 25. Qh4 Nxe1 26. Rxe1 Nc2 27. Re2 Nd4 28. Rf2 Rd7 29. Bd3 c4 30. Bxc4 h6 31. Nf3 Nxf3+ 32. Rxf3 Qd4+ 33. Kg2 Qxc4 34. Qxh6 Rxe4 35. Bf4 Bxd5 36. Nxd5 Qxd5 37. Bg5 Re2+ 38. Kg3 Qe5+ 39. Rf4 Re3+ 40. Kg2 Rc7 41. Rf2 0-1

[Event "Sunningdale e2e4 op U2050 05"]
[Site "Sunningdale"]
[Date "2013.05.27"]
[Round "7"]
[White "Burke, Mitchell R"]
[Black "Cairns, Stephen"]
[Result "1/2-1/2"]
[WhiteElo "1966"]
[BlackElo "2041"]
[PlyCount "74"]
[EventDate "2013.05.24"]
[EventType "swiss"]
[EventRounds "7"]
[EventCountry "ENG"]
[SourceTitle "EXT 2014"]
[Source "ChessBase"]
[SourceDate "2013.11.20"]
[SourceVersion "1"]
[SourceVersionDate "2013.11.20"]
[SourceQuality "1"]

1. e4 c5 2. Nc3 Nc6 3. f4 g6 4. Nf3 Bg7 5. Bb5 Nd4 6. 0-0 Nxb5 7. Nxb5 d5 8. e5 a6 9. Nc3 Bg4 10. d4 cxd4 11. Qxd4 e6 12. Ne1 Bf5 13. h3 h5 14. Qf2 Rc8 15. Be3 Bf8 16. Rd1 b5 17. Bd4 Ne7 18. Qd2 Nc6 19. Ne2 Nxd4 20. Nxd4 Bc5 21. c3 Qb6 22. Kh1 Bxd4 23. Qxd4 Qxd4 24. Rxd4 Be4 25. Nf3 Bxf3 26. Rxf3 Kd7 27. Kg1 Rc4 28. Rfd3 Rhc8 29. Rxc4 Rxc4 30. Rd4 Kc6 31. Kf2 Kc5 32. b4+ Kb6 33. Rxc4 dxc4 34. Ke3 a5 35. a3 axb4 36. axb4 Kc6 37. h4 Kd5 1/2-1/2

[Event "BCF-chT3 1213 (4NCL)"]
[Site "England"]
[Date "2013.03.24"]
[Round "8.5"]
[White "Carpenter, David"]
[Black "Cairns, Stephen"]
[Result "0-1"]
[WhiteElo "2021"]
[BlackElo "2041"]
[PlyCount "84"]
[EventDate "2012.11.03"]
[EventType "team-swiss"]
[EventRounds "11"]
[EventCountry "ENG"]
[SourceTitle "EXT 2014"]
[Source "ChessBase"]
[SourceDate "2013.11.20"]
[SourceVersion "1"]
[SourceVersionDate "2013.11.20"]
[SourceQuality "1"]
[WhiteTeam "Wales Old Boys Return"]
[BlackTeam "Sons of Anarchy"]
[WhiteTeamCountry "WLS"]
[BlackTeamCountry "ENG"]

1. Nf3 d5 2. g3 Nf6 3. Bg2 g6 4. 0-0 Bg7 5. d3 0-0 6. Nbd2 b6 7. e4 Bb7 8. e5 Ng4 9. Qe2 c5 10. h3 Nh6 11. Re1 Nc6 12. Nf1 Nf5 13. c3 e6 14. Bf4 h6 15. g4 Nh4 16. Nxh4 Qxh4 17. Bg3 Qe7 18. f4 Rae8 19. Qf2 f6 20. Qd2 fxe5 21. fxe5 Rf7 22. a3 d4 23. Nh2 Ref8 24. Qe2 Na5 25. Rf1 Bxg2 26. Qxg2 Qg5 27. Qe4 Nb3 28. Rxf7 Rxf7 29. Rf1 Rxf1+ 30. Nxf1 Kh7 31. Bf4 Qd8 32. Ng3 Qe8 33. Nh5 Qf7 34. g5 hxg5 35. Bxg5 Bxe5 36. Nf6+ Bxf6 37. Qf4 Kg7 38. Bh6+ Kg8 39. c4 Na5 40. b4 e5 41. Qg4 Nb7 42. h4 Nd6 0-1

[Event "High Wycombe e2e4 op 03"]
[Site "High Wycombe"]
[Date "2013.03.09"]
[Round "2"]
[White "Cairns, Stephen"]
[Black "Merry, Alan B"]
[Result "0-1"]
[WhiteElo "2056"]
[BlackElo "2229"]
[PlyCount "78"]
[EventDate "2013.03.08"]
[EventType "swiss"]
[EventRounds "5"]
[EventCountry "ENG"]
[SourceTitle "EXT 2014"]
[Source "ChessBase"]
[SourceDate "2013.11.20"]
[SourceVersion "1"]
[SourceVersionDate "2013.11.20"]
[SourceQuality "1"]

1. d4 Nf6 2. c4 c5 3. d5 d6 4. Nc3 h6 5. e4 g5 6. f4 gxf4 7. Bxf4 Nbd7 8. Nf3 Bg7 9. Be2 Ng4 10. Nh4 Nge5 11. Nf5 Bf6 12. Bxh6 Nb6 13. Bg7 Bxg7 14. Nxg7+ Kf8 15. Nf5 Nbxc4 16. Bxc4 Nxc4 17. Qe2 Ne5 18. 0-0 Bxf5 19. Rxf5 f6 20. Raf1 Kf7 21. Rh5 Qg8 22. Rxh8 Qxh8 23. Rf5 Qh6 24. Rh5 Qg6 25. Nb5 Rc8 26. Rh3 a6 27. Nc3 Rg8 28. Rg3 Qh6 29. Qe3 Qxe3+ 30. Rxe3 Rh8 31. Rg3 b5 32. h3 c4 33. Ne2 Rh4 34. Re3 Nd7 35. Kf2 Nc5 36. Kf3 b4 37. Nd4 Nd3 38. Re2 Rf4+ 39. Ke3 Rf1 0-1

[Event "BCF-chT3S 1213 (4NCL)"]
[Site "England"]
[Date "2013.02.23"]
[Round "5.93"]
[White "Anilkumar, Anantha P"]
[Black "Cairns, Stephen"]
[Result "1/2-1/2"]
[WhiteElo "1603"]
[BlackElo "2051"]
[PlyCount "86"]
[EventDate "2012.11.03"]
[EventType "team-swiss"]
[EventRounds "6"]
[EventCountry "ENG"]
[SourceTitle "EXT 2014"]
[Source "ChessBase"]
[SourceDate "2013.11.20"]
[SourceVersion "1"]
[SourceVersionDate "2013.11.20"]
[SourceQuality "1"]
[WhiteTeam "KJCA Knights"]
[BlackTeam "Sons of Anarchy"]
[WhiteTeamCountry "ENG"]
[BlackTeamCountry "ENG"]

1. e4 c5 2. Nf3 Nc6 3. d4 cxd4 4. Nxd4 e5 5. Nb5 a6 6. Nd6+ Bxd6 7. Qxd6 Qf6 8. Qxf6 Nxf6 9. Bd3 Nb4 10. Nc3 h6 11. a3 Nxd3+ 12. cxd3 b5 13. 0-0 d6 14. Be3 Be6 15. d4 Bb3 16. Rfe1 Ng4 17. Rac1 0-0 18. h3 Nxe3 19. fxe3 Rac8 20. Ne2 Rc2 21. Rxc2 Bxc2 22. Ng3 g6 23. Rc1 Rc8 24. Kf2 Rc6 25. d5 Rc4 26. Ke1 a5 27. Kd2 Bd3 28. Rc3 Rxc3 29. Kxc3 Bb1 30. b4 a4 31. Kb2 Bd3 32. Kc3 Bb1 33. Kb2 Bd3 34. Kc3 Bc4 35. Kd2 Kg7 36. Ke1 Bd3 37. Kd2 Bb1 38. Kc1 Bd3 39. Kd2 Bc4 40. Ke1 Kf6 41. h4 Kg7 42. Kf2 Bd3 43. Ke1 Bc2 1/2-1/2

[Event "London e2e4 Diamond Jubilee op-C"]
[Site "London"]
[Date "2012.06.04"]
[Round "4"]
[White "Tart, Peter K"]
[Black "Cairns, Stephen"]
[Result "0-1"]
[WhiteElo "1959"]
[BlackElo "2032"]
[PlyCount "112"]
[EventDate "2012.06.02"]
[EventType "swiss"]
[EventRounds "7"]
[EventCountry "ENG"]
[SourceTitle "EXT 2014"]
[Source "ChessBase"]
[SourceDate "2013.11.20"]
[SourceVersion "1"]
[SourceVersionDate "2013.11.20"]
[SourceQuality "1"]

1. e4 c5 2. Nc3 Nc6 3. Bb5 Nd4 4. Bc4 d6 5. Nge2 Be6 6. Bxe6 fxe6 7. 0-0 g6 8. d3 Bg7 9. Nxd4 Bxd4 10. Ne2 Qd7 11. c3 Bg7 12. Qb3 e5 13. f4 e6 14. fxe5 dxe5 15. Be3 b6 16. Rad1 Qc6 17. d4 Nf6 18. dxe5 Nxe4 19. Rd6 Nxd6 20. Qxe6+ Kd8 21. Bg5+ Kc7 22. Qe7+ Kc8 23. Qxg7 Re8 24. exd6 Qxd6 25. Ng3 h6 26. Bf4 Qc6 27. Bxh6 Rb8 28. Rf6 Qd5 29. Qxg6 Kb7 30. Qf7+ Qxf7 31. Rxf7+ Kc6 32. Kf2 Rbd8 33. h4 Rd1 34. Bf4 Rb1 35. Bb8 Rxb2+ 36. Kf3 Rxb8 37. h5 Rh8 38. Rf4 Rxa2 39. Rf5 Ra1 40. Kg4 Ra4+ 41. Kf3 Rh4 42. Rf4 R4xh5 43. Nxh5 Rxh5 44. Ke4 Rg5 45. g4 Kb5 46. Kf3 a5 47. Rf5 Rg8 48. g5 a4 49. Kg4 Kc4 50. Rf4+ Kb3 51. c4 a3 52. Rf6 Rb8 53. Rf3+ Kb4 54. g6 a2 55. Rf1 Ra8 56. g7 a1Q 0-1

[Event "London e2e4 Diamond Jubilee op-C"]
[Site "London"]
[Date "2012.06.02"]
[Round "1"]
[White "Othman, Mustapha"]
[Black "Cairns, Stephen"]
[Result "0-1"]
[WhiteElo "1857"]
[BlackElo "2032"]
[PlyCount "92"]
[EventDate "2012.06.02"]
[EventType "swiss"]
[EventRounds "7"]
[EventCountry "ENG"]
[SourceTitle "EXT 2014"]
[Source "ChessBase"]
[SourceDate "2013.11.20"]
[SourceVersion "1"]
[SourceVersionDate "2013.11.20"]
[SourceQuality "1"]

1. e4 c5 2. Nf3 Nc6 3. d4 cxd4 4. Nxd4 e5 5. Nb5 a6 6. Nd6+ Bxd6 7. Qxd6 Qf6 8. Qxf6 Nxf6 9. Nc3 Nb4 10. Kd1 Ng4 11. a3 Nxf2+ 12. Ke1 Nxc2+ 13. Kxf2 Nxa1 14. Bd3 Nb3 15. Be3 0-0 16. Bb6 d6 17. Bc4 Be6 18. Nd5 Nc5 19. Ke3 Kh8 20. b3 Rac8 21. Ne7 Rce8 22. Nd5 Bxd5 23. Bxd5 Ne6 24. g3 Rc8 25. Rf1 Kg8 26. Kd3 h6 27. b4 Nd8 28. Bxd8 Rcxd8 29. Bxb7 d5 30. Bxa6 dxe4+ 31. Kxe4 Rd4+ 32. Ke3 Ra8 33. b5 Ra4 34. Ra1 Rb8 35. Ra2 f5 36. Kd3 Kf7 37. Kc3 Ke6 38. Rd2 Rxa3+ 39. Kb4 Rxa6 40. Kc5 Rc8+ 41. Kb4 Rb6 42. Ka5 Rcb8 43. Rb2 e4 44. h4 g5 45. hxg5 hxg5 46. Rb4 Rxb5+ 0-1

[Event "BCF-chT2c 1112 (4NCL)"]
[Site "England"]
[Date "2012.05.06"]
[Round "10.217"]
[White "Burrows, Martin P"]
[Black "Cairns, Stephen"]
[Result "1-0"]
[WhiteElo "2152"]
[BlackElo "2109"]
[PlyCount "79"]
[EventDate "2011.11.12"]
[EventType "team-swiss"]
[EventRounds "11"]
[EventCountry "ENG"]
[SourceTitle "EXT 2013"]
[Source "ChessBase"]
[SourceDate "2012.11.22"]
[SourceVersion "1"]
[SourceVersionDate "2012.11.22"]
[SourceQuality "1"]
[WhiteTeam "Pandoras Box"]
[BlackTeam "Sambuca Sharks"]
[WhiteTeamCountry "ENG"]
[BlackTeamCountry "ENG"]

1. e4 c5 2. Nf3 Nc6 3. d4 cxd4 4. Nxd4 e5 5. Nb5 a6 6. Nd6+ Bxd6 7. Qxd6 Qf6 8. Qxf6 Nxf6 9. Nc3 Nb4 10. Bd3 h6 11. Be3 Nxd3+ 12. cxd3 d6 13. h3 Be6 14. d4 Rc8 15. 0-0 g5 16. a4 Rc4 17. Rfd1 0-0 18. g4 Kg7 19. f3 Ng8 20. a5 Ne7 21. Kf2 Rfc8 22. Rd2 Rb4 23. Ra4 Rcc4 24. Rxb4 Rxb4 25. dxe5 dxe5 26. Bc5 Nc6 27. Bxb4 Nxb4 28. Rd1 Nc6 29. Ra1 Bc4 30. Nd5 Bb3 31. Ne3 Be6 32. Nf5+ Bxf5 33. exf5 f6 34. Ke3 Kf7 35. Ke4 Ke7 36. Kd5 Kd7 37. Ra4 Nd4 38. Rb4 Kc7 39. Rb6 Nc6 40. Rxc6+ 1-0

[Event "High Wycombe e2e4 op 03"]
[Site "High Wycombe"]
[Date "2012.03.17"]
[Round "2"]
[White "Cairns, Stephen"]
[Black "Kourtseva, Julie"]
[Result "1-0"]
[WhiteElo "2098"]
[BlackElo "1791"]
[PlyCount "61"]
[EventDate "2012.03.16"]
[EventType "swiss"]
[EventRounds "5"]
[EventCountry "ENG"]
[SourceTitle "CBM 147 Extra"]
[Source "ChessBase"]
[SourceDate "2012.04.24"]
[SourceVersion "1"]
[SourceVersionDate "2012.04.24"]
[SourceQuality "1"]

1. d4 d5 2. c4 c6 3. Nf3 Nf6 4. e3 Bf5 5. Bd3 Bxd3 6. Qxd3 e6 7. Nbd2 Bd6 8. 0-0 0-0 9. b3 Nbd7 10. Bb2 Qc7 11. e4 dxe4 12. Nxe4 Nxe4 13. Qxe4 Rfe8 14. Rfe1 Be7 15. Rad1 Bf6 16. Ne5 Rad8 17. Ng4 Be7 18. Qc2 Nf6 19. Ne5 b6 20. Qc3 a5 21. Qf3 Rc8 22. Re3 Red8 23. g4 Bf8 24. g5 Ne8 25. Qh5 g6 26. Qh4 Ng7 27. Ng4 Nh5 28. d5 cxd5 29. Nf6+ Nxf6 30. Bxf6 Rd7 31. Qxh7+ 1-0

[Event "London e2e4 Diamond Jubilee op-C"]
[Site "London"]
[Date "2012.03.06"]
[Round "3"]
[White "Cairns, Stephen"]
[Black "Nwachukwu, Chino"]
[Result "1-0"]
[WhiteElo "2032"]
[BlackElo "1966"]
[PlyCount "65"]
[EventDate "2012.06.02"]
[EventType "swiss"]
[EventRounds "7"]
[EventCountry "ENG"]
[SourceTitle "EXT 2014"]
[Source "ChessBase"]
[SourceDate "2013.11.20"]
[SourceVersion "1"]
[SourceVersionDate "2013.11.20"]
[SourceQuality "1"]

1. d4 Nf6 2. c4 g6 3. Nc3 d5 4. cxd5 Nxd5 5. e4 Nxc3 6. bxc3 Bg7 7. Bc4 c5 8. Ne2 Nc6 9. Be3 cxd4 10. cxd4 0-0 11. 0-0 Na5 12. Bd3 b6 13. Rc1 Bd7 14. Qd2 Rc8 15. Bf4 f5 16. f3 fxe4 17. fxe4 Bg4 18. d5 Nb7 19. h3 Bxe2 20. Bxe2 Nc5 21. Qe3 e6 22. Kh1 exd5 23. exd5 Kh8 24. Bg4 Nd7 25. Rxc8 Qxc8 26. Rc1 Qd8 27. Bc7 Qa8 28. Bxd7 Qxd5 29. Be6 Qb5 30. Re1 h5 31. Be5 Rf1+ 32. Kh2 Rxe1 33. Qh6# 1-0

[Event "BCF-chT2b 1112 (4NCL)"]
[Site "England"]
[Date "2011.11.13"]
[Round "2.6"]
[White "Morris, Charles F"]
[Black "Cairns, Stephen"]
[Result "1-0"]
[WhiteElo "2148"]
[BlackElo "2109"]
[PlyCount "74"]
[EventDate "2011.11.12"]
[EventType "team-match"]
[EventRounds "7"]
[EventCountry "ENG"]
[SourceTitle "EXT 2013"]
[Source "ChessBase"]
[SourceDate "2012.11.22"]
[SourceVersion "1"]
[SourceVersionDate "2012.11.22"]
[SourceQuality "1"]
[WhiteTeam "South Wales Dragons"]
[BlackTeam "Sambuca Sharks"]
[WhiteTeamCountry "ENG"]
[BlackTeamCountry "ENG"]

1. Nf3 d5 2. d4 Nf6 3. e3 c6 4. c4 e6 5. Nc3 Nbd7 6. cxd5 exd5 7. Bd3 Bd6 8. Qc2 0-0 9. 0-0 h6 10. h3 b6 11. e4 dxe4 12. Nxe4 Nxe4 13. Bxe4 Bb7 14. Bxc6 Rc8 15. d5 Bxc6 16. dxc6 Ne5 17. Nxe5 Bxe5 18. Be3 Qf6 19. Qa4 Rxc6 20. Qxa7 Qf5 21. Rad1 Rg6 22. Kh1 Qe4 23. Rg1 Bb8 24. Qa3 Qe5 25. f4 Qh5 26. Bc1 Qh4 27. Rd3 Bxf4 28. Rd4 Rf6 29. Qb4 g5 30. Bxf4 gxf4 31. Rf1 Rc8 32. Rdxf4 Rxf4 33. Rxf4 Qh5 34. Rg4+ Kh7 35. Qe4+ Qg6 36. Rxg6 Rc1+ 37. Kh2 fxg6 1-0

[Event "BCF-chT2 1011 (4NCL)"]
[Site "England"]
[Date "2011.05.02"]
[Round "11.74"]
[White "Cairns, Stephen"]
[Black "McMahon, Paul"]
[Result "1-0"]
[WhiteElo "2054"]
[BlackElo "2037"]
[PlyCount "85"]
[EventDate "2010.11.06"]
[EventType "team-swiss"]
[EventRounds "11"]
[EventCountry "ENG"]
[SourceTitle "EXT 2012"]
[Source "ChessBase"]
[SourceDate "2011.11.24"]
[SourceVersion "1"]
[SourceVersionDate "2011.11.24"]
[SourceQuality "1"]
[WhiteTeam "Sambuca Black Sheep"]
[BlackTeam "Poisoned Pawns II"]
[WhiteTeamCountry "ENG"]
[BlackTeamCountry "ENG"]

1. d4 Nf6 2. c4 e5 3. dxe5 Ng4 4. Nf3 Nc6 5. a3 Bc5 6. e3 a5 7. b3 Ngxe5 8. Bb2 d6 9. Nc3 0-0 10. Be2 Nxf3+ 11. gxf3 Qh4 12. Nd5 Bh3 13. Rg1 Ne5 14. Qd2 c6 15. Nc3 f5 16. Na4 Rae8 17. Nxc5 dxc5 18. Qd6 Qf6 19. Qxf6 Rxf6 20. f4 Rg6 21. 0-0-0 Ng4 22. Rd7 b6 23. Rg3 Nf6 24. Bxf6 Rxg3 25. hxg3 gxf6 26. Bf3 Re6 27. Bh5 Kf8 28. Rxh7 b5 29. Rf7+ Kg8 30. Rd7 Kf8 31. Be2 b4 32. a4 Bg2 33. Ra7 Rd6 34. Rxa5 Ke7 35. Rxc5 Ke6 36. a5 Rd7 37. f3 Ra7 38. Rxc6+ Kd7 39. Rc5 Bh3 40. Kd2 Kd6 41. Rb5 Kc6 42. Rxb4 Rxa5 43. Ra4 1-0